000
00352nam a2200133Ia 4500
008
231129s2009||||xx |||||||||||||| ||spa||
020
_a
978-84-342-3405-5
040
_b
spa
082
_a
(i) 507 C569c
245
0
_a
Ciencia para niños
260
_c
2009
264
_a
Barcelona España : Parramón
942
_2
ddc
_c
BKS
999
_c
6953
_d
6953